Statistics for B&M Hyper Coaster

Click here to take the quiz!

General Stats

  • This quiz has been taken 28 times
  • The average score is 8 of 14

Answer Stats

HintAnswer% Correct
CanadaBehemoth
83%
USADiamondback
70%
CanadaGoliath
70%
USAGoliath
70%
USAIntimidator
70%
USANitro
70%
USAApollo's Chariot
65%
USACandymonium
57%
USAMako
52%
SpainShambhala
52%
USARaging Bull
48%
GermanySilver Star
43%
JapanHollywood Dream The Ride
22%
ChinaFlight of the Himalayan Eagle
17%

Score Distribution

Percentile by Number Answered

Percent of People with Each Score

Your Score History

You have not taken this quiz